Tentzonhuehue : (Record no. 96055)

MARC details
000 -CABECERA
campo de control de longitud fija 00790nam a2200217 a 4500
005 - FECHA Y HORA DE LA ÚLTIMA TRANSACCIÓN
campo de control 20231124063620.0
008 - ELEMENTOS DE LONGITUD FIJA--INFORMACIÓN GENERAL
campo de control de longitud fija 030430s1998 mx r 000 0 spa d
020 ## - NÚMERO INTERNACIONAL NORMALIZADO PARA LIBROS
Número Internacional Estándar del Libro 968863235X
035 ## - NÚMERO DE CONTROL DEL SISTEMA
Número de control de sistema UPN01000123876
049 ## - COLECCIÓN
Colección CG
050 #4 - SIGNATURA TOPOGRÁFICA DE LA BIBLIOTECA DEL CONGRESO
Número de clasificación F1219.1 S2.6
Número de documento/Ítem F3.7
100 1# - ASIENTO PRINCIPAL--NOMBRE PERSONAL
Nombre de persona Fagetti, Antonella,
Fechas asociadas al nombre 1957-
245 10 - MENCIÓN DE TÍTULO
Título Tentzonhuehue :
Resto del título el simbolismo del cuerpo y la naturaleza /
Mención de responsabilidad, etc. Antonella Fagetti.
260 ## - PUBLICACIÓN, DISTRIBUCIÓN, ETC.
Lugar de publicación, distribución, etc. México :
Nombre del editor, distribuidor, etc. BUAP :
-- Plaza y Valdés,
Fecha de publicación, distribución, etc. 1998.
300 ## - DESCRIPCIÓN FÍSICA
Extensión 267 p. :
Otras características físicas fotos, mapas
440 #0 - MENCIÓN DE SERIE/ASIENTO SECUNDARIO--TÍTULO
Título Historia.
Nombre de parte o sección de la obra Antropología
650 #4 - ASIENTO SECUNDARIO DE MATERIA - TERMINO TEMATICO
Término de materia o nombre geográfico como elemento de entrada INDIOS DE MEXICO -
Subdivisión geográfica SAN MIGUEL ACUEXCOMAC, PUEBLA -
Subdivisión general HISTORIA
650 #4 - ASIENTO SECUNDARIO DE MATERIA - TERMINO TEMATICO
Término de materia o nombre geográfico como elemento de entrada INDIOS DE MEXICO -
Subdivisión geográfica SAN MIGUEL ACUEXCOMAC, PUEBLA -
Subdivisión general VIDA SOCIAL Y COSTUMBRES
650 #4 - ASIENTO SECUNDARIO DE MATERIA - TERMINO TEMATICO
Término de materia o nombre geográfico como elemento de entrada Indígenas de México
Subdivisión general Religión y mitología
9 (RLIN) 5903
905 ## - TIPO DE MATERIAL
Tipo de material Libro
Holdings
Estado de retiro Estado de pérdida Fuente del sistema de clasificación o colocación Estado dañado No para préstamo Código de colección Localización permanente Ubicación/localización actual Ubicación en estantería Total de préstamos Clasificación Código de barras Fecha visto por última vez Número de copia Tipo de ítem Koha
    Library of Congress Classification     Colección General Bib. Gregorio Torres Quintero Bib. Gregorio Torres Quintero Planta baja 6 F1219.1 S2.6 F3.7 210217 31/12/2020 1 Libro
    Library of Congress Classification     Colección General Bib. Gregorio Torres Quintero Bib. Gregorio Torres Quintero Planta baja 4 F1219.1 S2.6 F3.7 210218 31/12/2020 1 Libro